Kraje najbliżej Dżibuti - Jedna Minuta Sprint - Statystyki

Ogólne statystyki
  • Ten quiz został rozwiązany 226 razy
  • Średni wynik to 12 z 20
Statystyki odpowiedzi
km kraj % Poprawnych
0 Etiopia
89%
0 Somali
89%
624 Sudan
87%
1365 Egipt
86%
0 Erytrea
85%
857 Sudan Południowy
82%
751 Kenia
75%
409 Arabia Saudyjska
74%
20 Jemen
73%
1155 Oman
71%
1585 Tanzania
51%
1143 Uganda
48%
1551 Katar
37%
1835 Rwanda
37%
1515 Zjednoczone Emiraty Arabskie
37%
1458 Dem Rep Konga
34%
1640 Bahrajn
30%
1822 Kuwejt
28%
1706 Republika Środkowoafrykańska
26%
1843 Irak
16%
Nie znaleziono quizów pasujących do podanych kryteriów
Rozkład punktacji
Procent ludzi z każdym wynikiem
Percentyl według liczby udzielonych odpowiedzi
Twoja historia wyników
Nie rozwiązałeś tego quizu